Algebraic surfaces and holomorphic vector bundles /

Guardado en:
Autor Principal: Friedman, Robert, 1955-
Formato: Libro
Idioma:English
Publicado: New York : Springer, c1998.
Series:Universitext
Etiquetas: Agregar Etiqueta
Sin Etiquetas, Sea el primero en etiquetar este registro!
LEADER 00598nam a22001815a 4500
001 MAT.inmabb000098
008 970903s1998####nyu######b####001#0#eng##
005 20130304112531.0
245 1 0 |a Algebraic surfaces and holomorphic vector bundles /  |c Robert Friedman. 
260 |a New York :  |b Springer,  |c c1998. 
300 |a ix, 328 p. ;  |c 25 cm. 
440 0 |a Universitext 
510 4 |a MR,  |c 99c:14056 
020 |a 0387983619 
100 1 |a Friedman, Robert,  |d 1955- 
084 |a 14J60 (14-01 14J15 32J15 57R55)  |2 msc2000 
859 |h 14  |i F911  |p A-7800  |b BIB. MATEMATICA 
859 |h 14  |i F911  |p A-7982  |t Ej. 2  |b BIB. MATEMATICA